Prečo chýbajú peniaze na dôchodky?
Rôzne prístupy k financovaniu dôchodkov, ich motivácia a ciele. Rozlíšenie peňazí, ich zdrojov a vlastností. Transformácia jednotlivých druhov peňazí, miera a smer ich vývoja. Zmeny vo financovaní dôchodkov.
Guardado en:
| Autor principal: | |
|---|---|
| Formato: | Capítulo de libro |
| Lenguaje: | eslovaco |
| Materias: | |
| Etiquetas: |
Sin Etiquetas, Sea el primero en etiquetar este registro!
|
MARC
| LEADER | 00000naa$a2200000$$$4500 | ||
|---|---|---|---|
| 001 | 0093666 | ||
| 005 | 20231011094139.2 | ||
| 041 | 0 | |a slo | |
| 044 | |a SK | ||
| 245 | 1 | 0 | |a Prečo chýbajú peniaze na dôchodky? |c František Severa |
| 520 | |a Rôzne prístupy k financovaniu dôchodkov, ich motivácia a ciele. Rozlíšenie peňazí, ich zdrojov a vlastností. Transformácia jednotlivých druhov peňazí, miera a smer ich vývoja. Zmeny vo financovaní dôchodkov. | ||
| 610 | 2 | 0 | |a zabezpečenie dôchodkové |
| 610 | 2 | 0 | |a peniaze |
| 610 | 2 | 0 | |a dôchodky |
| 610 | 2 | 0 | |a financie verejné |
| 610 | 2 | 0 | |a zdroje finančné |
| 100 | 1 | |a Severa, František | |